Meu Livrinho de Números (Record no. 127472)

MARC details
000 -LÍDER
campo de controle de tamanho fixo 00537 a2200169 4500
001 - NÚMERO DE CONTROLE
campo de controle 127472
020 ## - ISBN - INTERNATIONAL STANDARD BOOK NUMBER
ISBN - International Standard Book Number 9781848577541
040 ## - FONTE DA CATALOGAÇÃO
Instituição que transcreveu o registro Escola Canadense de Niteroi
090 ## - NÚMERO DE CHAMADA LOCAL
Número de chamada (OCLC) (R); Número de chamada, CALL (RLIN) (NR) TEC
100 ## - ENTRADA PRINCIPAL--NOME PESSOAL
Nome pessoal Teckentrup, Britta
245 10 - TÍTULO
Título Meu Livrinho de Números
362 0# - DATAS DE PUBLICAÇÃO E/OU DESIGNAÇÃO SEQUENCIAL
Datas de publicação e/ou designação sequencial 2018
520 ## - NOTA DE RESUMO, ETC
Resumo, etc. Aprenda a contar com os animaizinhos. Lindas ilustrações das adoráveis personagens e um texto que estimula a memória ativa desenvolve, habilidade de contar e da linguagem.
650 #4 - ASSUNTO--TERMO TÓPICO
Cabeçalho tópico ou nome geográfico Contagem Numérica
650 #4 - ASSUNTO--TERMO TÓPICO
Cabeçalho tópico ou nome geográfico Animais
942 ## - ELEMENTOS DE ENTRADA ADICIONADOS (KOHA)
Tipo de material Koha Livros
Holdings
Situação do descarte Situação das perdas Situação física Não pode ser emprestado Biblioteca de origem Biblioteca atual Data de aquisição Total de empréstimos Número de chamada completo Código de barras Data de último acesso Data do preço efetivo Tipo de material Koha
        Canadian School of Niterói - Piratininga Canadian School of Niterói - Piratininga 09/02/2024   TEC A26052 09/02/2024 09/02/2024 Livros